000 00781nam a2200241 i 4500
001 104528
003 ES-MaACL
005 20250815085327.0
007 t|
008 051201s1984 sp ||||1| spa d
020 _a84-368-0024-9
100 1 _aMillman, Jacob.
_981263
245 1 0 _aDispositivos y circuitos electrónicos
_b: soluciones a los problemas /
_cJacob Millman, Christos C. Halkias; traducción de Jesús Sáiz Sáiz.
250 _a8ª ed.
260 _aMadrid :
_bPirámide,
_c1984.
300 _a283 p. ;
_c23 cm.
490 1 _aCiencia y técnica
700 1 _aHalkias, Christos C.
_961551
700 1 _aSáiz Sáiz, Jesús.
_9101628
830 0 0 _aCiencia y técnica
_9177702
852 _aES-MaACL
_jL-12385
_bR.115225
999 _c104528
_d104528